|
|
|
|
| LEADER |
00000nas a2200000 a 4500 |
| 001 |
ssj0000866237 |
| 003 |
WaSeSS |
| 005 |
20200512172242.0 |
| 006 |
m d |
| 007 |
cr n |
| 008 |
130408c20129999enkt| p|s|||||| |0eng d |
| 022 |
|
|
|a 2046-3170
|l 2046-3162
|
| 035 |
|
|
|a (WaSeSS)ssj0000866237
|
| 040 |
|
|
|a WaSeSS
|c WaSeSS
|d WaSeSS
|
| 043 |
|
|
|a a------
|
| 050 |
|
4 |
|a LA1050
|
| 222 |
|
0 |
|a Asian education and development studies
|b (Online)
|
| 245 |
0 |
0 |
|a Asian education and development studies
|h [electronic resource].
|
| 260 |
|
|
|a Bingley, England :
|b Emerald Group Publishing
|
| 310 |
|
|
|a Three times a year
|
| 362 |
1 |
|
|a Began with Vol. 1, No. 1, 2012.
|
| 506 |
|
|
|a License restrictions may limit access.
|
| 588 |
|
|
|a Description based on: Vol. 1, No. 1, 2012; title from article PDF (ProQuest, viewed April 08, 2013).
|
| 588 |
|
|
|a Latest issue consulted: Vol. 2, No. 1, 2013 (viewed April 08, 2013).
|
| 650 |
|
0 |
|a Education
|z Asia
|v Periodicals.
|
| 650 |
|
0 |
|a Education
|x Research
|z Asia
|v Periodicals.
|
| 655 |
|
0 |
|a Electronic journals.
|
| 776 |
0 |
8 |
|i Print version:
|t Asian education and development studies
|x 2046-3162
|
| 856 |
4 |
0 |
|z Full text available from Research Library: 01/01/2012 to 1 year ago
|u https://search.proquest.com/publication/1396355
|